Karol Efraim Sidon /

Main Author: Sidon, Karol, 1942-
Other Authors: Hvížďala, Karel, 1941-, Vondra, Viktor
Language: Czech
Published: Praha : Galén, c2014
Edition: 1. souborné vyd.
Subjects:
Physical Description: 315 s. : il., portréty ; 20 cm
Book
Saved in:
LEADER 02729nam a2200745 a 4500
001 nkc20142633793
003 CZ PrNK
005 20150615082412.0
007 ta
008 141020s2014 xr ac g 000 1dcze
015 |a cnb002633793 
020 |a 978-80-7492-137-7  |q (brož.) 
035 |a (OCoLC)913563489 
040 |a BOA001  |b cze  |d ABA001 
043 |a e-xr--- 
045 |a x4y1 
072 7 |a 26  |x Judaismus  |2 Konspekt  |9 5 
080 |a 26-725  |2 MRF 
080 |a 316.64  |2 MRF 
080 |a 26  |2 MRF 
080 |a 316.752  |2 MRF 
080 |a 124.5  |2 MRF 
080 |a 17.02  |2 MRF 
080 |a 316.42"19/20"  |2 MRF 
080 |a (437.3)  |2 MRF 
080 |a (047.53)  |2 MRF 
080 |a (0:82-4)  |2 MRF 
100 1 |a Sidon, Karol,  |d 1942-  |7 jk01111263  |4 aut  |4 ive 
245 1 0 |a Karol Efraim Sidon /  |c [3 rozhovory s Karlem Hvížďalou] 
246 3 |a 3 rozhovory s Karlem Hvížďalou - Karol Efraim Sidon 
246 3 |a Tři rozhovory s Karlem Hvížďalou - Karol Efraim Sidon 
250 |a 1. souborné vyd. 
260 |a Praha :  |b Galén,  |c c2014 
300 |a 315 s. :  |b il., portréty ;  |c 20 cm 
500 |a Terminologický slovník 
504 |a Obsahuje bibliografie 
505 2 0 |t Když umřít, tak v Jeruzalémě :  |g rozhovor s Karlem Hvížďalou a Viktorem Vondrou --  |t Červená kráva --  |t Sedm slov 
600 1 7 |a Sidon, Karol,  |d 1942-  |7 jk01111263  |2 czenas 
648 7 |a 20.-21. století  |7 ch462155  |2 czenas 
648 7 |a 1991-2020  |7 ch771949  |2 czenas 
648 4 |a 1995-2014 
650 0 7 |a rabíni  |7 ph124961  |z Česko  |y 20.-21. století  |2 czenas 
650 0 7 |a názory a postoje  |7 ph137634  |z Česko  |y 1991-2020  |2 czenas 
650 0 7 |a judaismus  |7 ph114838  |2 czenas 
650 0 7 |a hodnoty  |7 ph120778  |2 czenas 
650 0 7 |a smysl života  |7 ph125718  |2 czenas 
650 0 7 |a postmoderní společnost  |7 ph124410  |y 20.-21. století  |2 czenas 
650 0 9 |a rabbins  |z Czechia  |y 20th-21st centuries  |2 eczenas 
650 0 9 |a views and attitudes  |z Czechia  |y 1991-2020  |2 eczenas 
650 0 9 |a Judaism  |2 eczenas 
650 0 9 |a values  |2 eczenas 
650 0 9 |a sense of life  |2 eczenas 
650 0 9 |a postmodern society  |y 20th-21st centuries  |2 eczenas 
655 7 |a rozhovory  |7 fd133303  |2 czenas 
655 7 |a eseje  |7 fd132213  |2 czenas 
655 9 |a interviews  |2 eczenas 
655 9 |a essays  |2 eczenas 
700 1 |a Hvížďala, Karel,  |d 1941-  |7 jk01043370  |4 aut 
700 1 |a Vondra, Viktor  |7 jo2015870928  |4 aut  |4 ivr 
910 2 |a BOA001  |b 1-1333.466 
990 |a BK 
995 |a 01 
991 |b 201411  |c NOV  |e n 
996 6 |b 2610607927  |c 1-1333.466  |l MZK  |r Sklad / do 1 hodiny  |n 4  |p p.v.  |w 001465015  |u 000010  |a 1  |e BOA001  |j MZK50  |s P 
996 7 |b 2610624291  |c 1-1333.466  |l MZK  |r Sklad / do 1 hodiny  |n 3  |p kup  |w 001465015  |u 000020  |a 1  |e BOA001  |j MZK50  |s A